Statistics for Currencies of the Americas on a Map

Click here to take the quiz!

General Stats

  • This quiz has been taken 52 times
    (26 since last reset)
  • The average score is 26 of 30

Answers on the Map

Answers color-coded by a green-red scale on the quiz's map according to % correct below.
 

Answer Stats

Answer% Correct
Argentine peso
100%
Bahamian dollar
100%
Barbadian dollar
100%
Belize dollar
100%
Canadian dollar
100%
Chilean peso
100%
Colombian peso
100%
Cuban peso
100%
Dominican peso
100%
Eastern Caribbean dollar
100%
Guyanese dollar
100%
Jamaican dollar
100%
Mexican peso
100%
Real
100%
Surinamese dollar
100%
Trinidad and Tobago dollar
100%
Uruguayan peso
100%
US dollar
100%
Sovereign Bolívar
86%
Virtual Bolívar
86%
Boliviano
71%
Colón
71%
Quetzal
71%
Balboa
57%
Bitcoin
57%
Córdoba
57%
Gourde
57%
Guaraní
57%
Peruvian sol
57%
Lempira
43%

Score Distribution

Percentile by Number Answered

Percent of People with Each Score

Your Score History

You have not taken this quiz since the last reset